000 01381nam a2200313 i 4500
001 000024019
003 DO-SdBNP
005 20250205124808.0
006 a||||gr|||| 00| 0
007 ta
008 110118e1985 dr ad 000 e spa d
040 _aDO-SdBNP
_bspa
_cBNPHU
_erda
082 4 _bL925r
_222
100 1 _aLozano, Wilfredo
_d1950-
_eautor
_97126
245 1 3 _aEl reformismo dependiente /
_cWilfredo Lozano.
264 _aSanto Domingo :
_bTaller,
_c1985.
300 _a303 páginas :
_bIlustraciones, gráficas ;
_c23 cm.
336 _2rdacontent
_atexto
_btxt
337 _2rdamedia
_asin mediación
_bn
338 _2rdacarrier
_avolumen
_bnc
490 _aBiblioteca Taller ;
_v213
500 _aIncluye índice de cuadros, diagramas y gráficos.
500 _aIncluye datos biográficos del autor en la contraportada
500 _aIncluye notas al pie las páginas
504 _aBibliografía : páginas 291-297
505 _aIntroducción--
_gCapítulo 1--
_tLa Crisis del Post-Trujillosmo--
_gCapítulo 2--
_tLa Estrategia de la Dominación del Reformismo Dependiente--
_gCapítulo 3--
_tAcumulación de capital y clases sociales--
_gCapítulo 4--
_tLa modernización de la burguesía dependiente--
_tEpílogo--
_tLa Crisis del Reformismo Dependiente--
_tApéndice Estadístico--
_tBibliografía Citada.
590 _aInventariado 2024 / MF
942 _2ddc
_cLBS1
999 _c23514
_d23514